Azerbejdżańska Premier League 2025/26 - nagła śmierć - Statystyki

Ogólne statystyki
  • Ten quiz został rozwiązany 12 razy
  • Średni wynik to 4 z 12
Answers on the Grid
Answers color-coded by a green-red scale on the quiz's grid according to % correct below.
Sabail FK
Kapaz PFK
Karabach Agdam
Gżira United FC
Neftçi PFK
Sabah FK
Kajsar Kyzyłorda
Shamakhi FK
KF Egnatia
Araz Nachiczewan
Zira FK
FK Taraz
Turan Tovuz
Karvan Yevlax
Arda Kyrdżali
FK Gabala
İmişli FK
Szirak Giumri
Sumqayıt FK
Safa Baku
 
Statystyki odpowiedzi
Odpowiedź % Poprawnych
Neftçi PFK
82%
Karabach Agdam
73%
Sabah FK
55%
FK Gabala
45%
Sumqayıt FK
45%
Zira FK
45%
Kapaz PFK
36%
Shamakhi FK
27%
Araz Nachiczewan
9%
İmişli FK
9%
Karvan Yevlax
9%
Turan Tovuz
9%
Nie znaleziono quizów pasujących do podanych kryteriów
Rozkład punktacji
Procent ludzi z każdym wynikiem
Percentyl według liczby udzielonych odpowiedzi
Twoja historia wyników
Nie rozwiązałeś tego quizu